书目信息 |
| 题名: |
万物归一
|
|
| 作者: | 格拉斯 著 ;芮虎 译 | |
| 分册: | ||
| 出版信息: | 成都 天地出版社 2017 |
|
| 页数: | 215页, [1] 叶图版 | |
| 开本: | 24cm | |
| 丛书名: | ||
| 单 册: | ||
| 中图分类: | I516.25 , J239 | |
| 科图分类: | ||
| 主题词: | 诗集--shi ji--德国--现代 , 绘画--hui hua--德国--现代--作品集 | |
| 电子资源: | ||
| ISBN: | 978-7-5455-3016-2 | |
| 000 | 01277nam0 2200289 450 | |
| 001 | 012001011867 | |
| 005 | 20141123105713.0 | |
| 010 | @a978-7-5455-3016-2@b精装@dCNY108.00 | |
| 099 | @aCAL 012018002724 | |
| 100 | @a20171221d2017 em y0chiy50 ea | |
| 101 | 1 | @achi@cger |
| 102 | @aCN@b510000 | |
| 105 | @aaf z 000gy | |
| 106 | @ar | |
| 200 | 1 | @a万物归一@Awan wu gui yi@f(德) 君特·格拉斯著@d= Vonne endlichkait@fGunter Grass@g芮虎译@zger |
| 210 | @a成都@c天地出版社@d2017 | |
| 215 | @a215页, [1] 叶图版@c图@d24cm | |
| 330 | @a虽然衰老带来了种种磨难, 死亡也近在眼前, 一切重又看似可能: 情书、自言自语、嫉妒、最后的哀歌、对社会的讥讽, 以及幸福时刻……在这本书里一一呈现。只有经历了岁月洗礼并狡黠地躲过了死亡的艺术家, 才能创作出如此充满智慧、风趣俏皮而又昂然不屈的作品。生活中丰富的动人故事浓缩在这本书里, 这是作者生命最后时光的精巧的缩影。诗歌、抒情散文与绘画互为呼应、相得益彰, 格拉斯创造了人生最后的伟大艺术品。 | |
| 500 | 10 | @aVonne endlichkait@mChinese |
| 606 | 0 | @a诗集@Ashi ji@y德国@z现代 |
| 606 | 0 | @a绘画@Ahui hua@y德国@z现代@j作品集 |
| 690 | @aI516.25@v5 | |
| 690 | @aJ239@v5 | |
| 701 | 1 | @a格拉斯@Age la si@g(Grass, Günter),@f1927-2015@4著 |
| 702 | 0 | @a芮虎@Arui hu@4译 |
| 801 | 2 | @aCN@b上海新华@c20191020 |
| 905 | @b1184561-4@dI516.25@e210@f4 | |
| 万物归一/(德) 君特·格拉斯著= Vonne endlichkait/Gunter Grass/芮虎译.-成都:天地出版社,2017 |
| 215页, [1] 叶图版:图;24cm |
| ISBN 978-7-5455-3016-2(精装):CNY108.00 |
| 虽然衰老带来了种种磨难, 死亡也近在眼前, 一切重又看似可能: 情书、自言自语、嫉妒、最后的哀歌、对社会的讥讽, 以及幸福时刻……在这本书里一一呈现。只有经历了岁月洗礼并狡黠地躲过了死亡的艺术家, 才能创作出如此充满智慧、风趣俏皮而又昂然不屈的作品。生活中丰富的动人故事浓缩在这本书里, 这是作者生命最后时光的精巧的缩影。诗歌、抒情散文与绘画互为呼应、相得益彰, 格拉斯创造了人生最后的伟大艺术品。 |
| ● |
| 相关链接 |
|
|
|
|
正题名:万物归一
索取号:I516.25/210
 
预约/预借
| 序号 | 登录号 | 条形码 | 馆藏地/架位号 | 状态 | 备注 |
| 1 | 1184561 | 211845618 | 第一样本阅览室/ [索取号:I516.25/210] | 在馆 | |
| 2 | 1184562 | 211845627 | 第二借阅区/ [索取号:I516.25/210] | 在馆 | |
| 3 | 1184563 | 211845636 | 第二借阅区/ [索取号:I516.25/210] | 在馆 | |
| 4 | 1184564 | 211845645 | 第二借阅区/ [索取号:I516.25/210] | 在馆 |